Direito tributário / (Record no. 630)
[ view plain ]
| 000 -LÍDER | |
|---|---|
| Campo Fixo de Controle | 00916nam a2200277 a 4500 |
| 001 - NÚMERO DE CONTROLE | |
| Campo de Controle | 630 |
| 003 - IDENTIFICAÇÃO DO NÚMERO DE CONTROLE | |
| Campo de Controle | BR-CuiBMT |
| 005 - DATA E HORA DA ÚLTIMA ATUALIZAÇÃO | |
| Campo de Controle | 20231110232432.0 |
| 008 - DADOS FIXOS | |
| Dados Fixos | 231108s2012 spba 001 0 por d |
| 020 ## - INTERNATIONAL STANDARD BOOK NUMBER | |
| Nº do ISBN | 9788522472185 |
| 040 ## - AGÊNCIA CATALOGADORA | |
| Código da Agência Catalogadora | BR-CuiBMT |
| Agência que transcreveu o registro | BR-CuiBMT |
| 080 ## - Nº DA CLASSIFICAÇÃO DECIMAL UNIVERSAL | |
| Nº Class. CDU | 34:336.2 |
| Nº edição CDU | 2007 |
| 090 ## - NÚMERO DE CHAMADA | |
| Nº classificação | 34:336.2 |
| Cutter | C345d |
| Ano/Edição | 23. ed. |
| 100 1# - ENTRADA PRINCIPAL -- AUTOR PESSOAL | |
| Nome pessoal | Cassone, Vittorio, |
| Datas associadas ao nome | 1939- |
| 245 0# - TÍTULO PRINCIPAL | |
| Título principal | Direito tributário / |
| Indicação de responsabilidade | Vittorio Cassone. |
| 250 ## - EDIÇÃO | |
| Edição | 23. ed. |
| 260 ## - PUBLICAÇÃO, DISTRIBUIÇÃO, ETC. | |
| Local de publicação | São Paulo : |
| Editora | Atlas, |
| Data | 2012. |
| 300 ## - DESCRIÇÃO FÍSICA | |
| N. páginas ou volumes | 394 p.: |
| Ilustrações | il. ; |
| Dimensões | 24 cm |
| 500 ## - NOTAS GERAIS | |
| Notas gerais | Fundamentos constitucionais da tributação. Definição de tributos e suas espécies. Conceito e classificação dos impostos. Doutrina, prática e jurisprudência. |
| 504 ## - NOTA DE BIBLIOGRAFIA, ETC. | |
| Nota de bibliografia | Inclui bibliografia. |
| 650 ## - ASSUNTO TÓPICO | |
| Cabeçalho tópico ou nome geográfico | Direito tributário |
| 650 ## - ASSUNTO TÓPICO | |
| Cabeçalho tópico ou nome geográfico | Competência tributária |
| 650 ## - ASSUNTO TÓPICO | |
| Cabeçalho tópico ou nome geográfico | Crédito tributário |
| 650 ## - ASSUNTO TÓPICO | |
| Cabeçalho tópico ou nome geográfico | Impostos |
| Subdivisão geral | Jurisprudência |
| 942 ## - ELEMENTOS DE ENTRADA ADICIONAIS (KOHA) | |
| Fonte de classificação ou esquema de arquivamento | Classificação Decimal Universal |
| Tipo de item do Koha | Livros |
| Estado: removido | Estado: perdido | Fonte de classificação ou esquema de arquivamento | Estado: danificado | Indisponível para empréstimo | Localização permanente | Localização atual | Data de aquisição | Total Checkouts | Número de Chamada completo | Código de barras | Date last seen | Número do exemplar | Preço efetivo a partir de | Tipo de item (Koha) |
|---|---|---|---|---|---|---|---|---|---|---|---|---|---|---|
| Classificação Decimal Universal | Biblioteca da Escola Superior de Contas do TCE/MT | Biblioteca da Escola Superior de Contas do TCE/MT | 02/04/2013 | 34:336.2 C345 23. ed. | BIBTCEMT23110452 | 10/11/2023 | Ex. 1 | 10/11/2023 | Livros |